Selection interview skills. Interviewing for receptionist [with learning points] /

In the video Interviewing for Receptionist Sadhana interviews Erin for the role of receptionist in the corporate headquarters of a large business. She asks a range of questions to assess Erin's suitability and provides an excellent review of Erin's performance.

Bibliographic Details
Format: Video
Language:English
Language Notes:In English.
Published: Melbourne, VIC : Seven Dimensions, 2008.
Series:Human resource management online (video)
Subjects:
Online Access:Connect to this streaming video (Alexander Street Press)

MARC

Tag First Indicator Second Indicator Subfields
LEADER 00000cgm a2200000Ma 4500
001 in00005540321
006 m o c
007 cr |n||||||||a
007 vz |za|z|
008 141027s2008 vra011 e o vleng d
005 20241201225809.5
035 |a (OCoLC)ocn898083359 
040 |a ALSTP  |b eng  |e pn  |c ALSTP  |d OCLCO  |d OCLCQ  |d OCLCF  |d OCLCQ  |d OCLCO  |d OCLCA  |d OCLCQ  |d WYU  |d UPM  |d OCLCO  |d OCLCA  |d OCLCO  |d OCLCQ 
035 |a (OCoLC)898083359 
082 0 4 |a 658.31124  |q OCoLC  |2 22/eng/20230216 
049 |a TXAM 
245 0 0 |a Selection interview skills.  |p Interviewing for receptionist [with learning points] /  |c produced by Seven Dimensions. 
260 |a Melbourne, VIC :  |b Seven Dimensions,  |c 2008. 
300 |a 1 online resource (11 min.). 
306 |a 001031 
336 |a two-dimensional moving image  |b tdi  |2 rdacontent 
337 |a computer  |b c  |2 rdamedia 
338 |a online resource  |b cr  |2 rdacarrier 
490 0 |a Human resource management online (video) 
500 |a Title from resource description page (viewed Oct. 27, 2014). 
500 |a Includes learning points. 
520 |a In the video Interviewing for Receptionist Sadhana interviews Erin for the role of receptionist in the corporate headquarters of a large business. She asks a range of questions to assess Erin's suitability and provides an excellent review of Erin's performance. 
546 |a In English. 
650 0 |a Employment interviewing. 
650 0 |a Receptionists. 
650 6 |a Entretiens d'embauche. 
650 6 |a Réceptionnistes. 
650 7 |a Employment interviewing.  |2 fast  |0 (OCoLC)fst00909369 
650 7 |a Receptionists.  |2 fast  |0 (OCoLC)fst01091351 
655 7 |a Instructional films.  |2 fast  |0 (OCoLC)fst01726236 
655 7 |a Instructional films.  |2 lcgft 
655 7 |a Films de formation.  |2 rvmgf 
710 2 |a Seven Dimensions Films of Australia.  |4 prn 
856 4 0 |u http://proxy.library.tamu.edu/login?url=https://www.aspresolver.com/aspresolver.asp?AVN2;2408245  |z Connect to this streaming video (Alexander Street Press)  |t 0 
955 |a Alexander Street Press subscription streaming video 
994 |a 92  |b TXA 
999 f f |s 08349753-e3dc-453d-a8d3-a7ccc3e51bd6  |i 3db8f38a-55ca-4c0e-a6a0-386ca6488b27  |t 0 
952 f f |a Texas A&M University  |b College Station  |c Electronic Resources  |d Available Online  |t 0  |h Library of Congress classification 
998 f f |t 0  |l Available Online